Normal view MARC view
  • Plater, William Marmaduke,

Entry Personal Name

Number of records used in: 1

001 - CONTROL NUMBER

  • control field: 153657

003 - CONTROL NUMBER IDENTIFIER

  • control field: DLC

005 - DATE AND TIME OF LATEST TRANSACTION

  • control field: 20260414141822.0

008 - FIXED-LENGTH DATA ELEMENTS

  • fixed length control field: 851101n| acannaab| |n aaa |||

010 ## - LIBRARY OF CONGRESS CONTROL NUMBER

  • LC control number: n 85822940

040 ## - CATALOGING SOURCE

  • Original cataloging agency: DLC
  • Transcribing agency: DLC
  • Modifying agency: DLC

100 10 - HEADING--PERSONAL NAME

  • Personal name: Plater, William Marmaduke,
  • Dates associated with a name: 1945-

670 ## - SOURCE DATA FOUND

  • Source citation: nuc85-68947: His Metaphormosis [MI] 1973
  • Information found: (hdg. on AzU rept.: Plater, William M., 1945- ; usage: William Marmaduke Plater)

670 ## - SOURCE DATA FOUND

  • Source citation: NUCMC data from Univ. of Ill. at Urbana-Champaign Archives for His Papers, 1968-1973
  • Information found: (Plater, William M.; assistant to the dean of the College of Liberal Arts and Sciences, acting director of Unit One, and assistant and associate director of the School of Humanities, University of Illinois at Urbana-Champaign)
Devinim Yazılım Eğitim Danışmanlık tarafından Koha'nın orjinal sürümü uyarlanarak geliştirilip kurulmuştur.